| 000 | 00481nam a22001937a 4500 | ||
|---|---|---|---|
| 003 | MPLRDC | ||
| 005 | 20220104144342.0 | ||
| 008 | 210129b ||||| |||| 00| 0 eng d | ||
| 020 | _a7-80013-151-3 | ||
| 082 | _a411.3 ZTM | ||
| 100 | _a雷载权、张廷模编著 | ||
| 245 |
_a实用食疗方精选 _c |
||
| 250 | _a初版 | ||
| 260 |
_a _b中医古籍出版社 _c1988 |
||
| 300 | _b平 | ||
| 490 | _a中国食疗学 | ||
| 650 | _a营养与食品 | ||
| 942 |
_cBK _o411.3 ZTM |
||
| 999 |
_c48782 _d48772 |
||